000 00537nam a22001697a 4500
003 OSt
005 20140310182527.0
008 130812t xxu||||| |||| 00| 0 eng d
020 _a9789719391203
050 _aRG 950
_b.Sa196 2007
100 _aSan Pedro, Alejandro R.
_99561
245 _aA Handbook on postpartum care :
_ba clinical guide on care of the mother and newborn /
_cAlejandro R. San Pedro.
260 _aPhilippines :
_bHIDS, Inc.,
_cc2007.
300 _a134 p. :
_bill. ;
_c23 cm.
942 _2lcc
_cSSLC
999 _c14086
_d14086